000 00683nam a2200217Ii 4500
003 JO-AjNU
008 230605s9999||||xx |||||||||||||| ||und||
017 _a2010/10576
020 _a978-977-379-122-7
040 _aJO-AjNU
_bara
_erda
_cJO-AjNU
041 _aara
050 1 4 _aK7690.2011
100 3 _a أبو غابة ، خالد عبد العظيم ,
_eauthor
_932104
245 0 0 _aالتحكيم وأثرة فى فض المنازعات
250 _a(د،ط)
264 3 1 _aالاسكندرية : دار الفكر العربي ، 2011
300 _a177ص
336 _atext
_btxt
_2rdacontent
337 _aunmediated
_bn
_2rdamedia
338 _avolume
_bnc
_2rdacarrier
999 _aA12922
_c16490
_d16490